All Empires of the World and their current country today. - Statistics

General Stats
  • This quiz has been taken 35 times
  • The average score is 30 of 41
Answer Stats
Country Answer % Correct
This country has one of the most dynastys China
97%
This empire was called ”Persia” Iran
97%
This country during its empire and had a massive colony in Indonesia Netherlands
97%
This country during its empire controlled all the -Stan countries and more of Eastern Europe. Russia
97%
This country during its empire discovered the Americas Spain
97%
This country during its empire controlled 25% of the world. United Kingdom
97%
This country during its empire had colony’s everywhere, its biggest colony being in Africa. France
93%
This country controlled most of Europe during its empire Germany
93%
This country during its empire betrayed Germany in World War 2 Italy
93%
This empire was part of the Axis Japan
93%
This country during colonization controlled half of South American during their empire. Portugal
93%
This country during its empire controlled most of the Nordic Countries. Sweden
90%
This country during its empire spanned over the North coast of Africa for a long time, before dying out and removing the historical North Africa coast Turkey
90%
This empire controlled Sudan Egypt
83%
This country united with Austria to make their empire. Hungary
83%
This country combined with Lithuania to make its empire Poland
83%
This country during its empire controlled the Democratic Republic of the Congo, during the scramble for Africa. Belgium
80%
This country has one of the most empires India
80%
This country during its empire controlled most of south of the Balkans Serbia
80%
This empire controlled eastern South-East Asia Vietnam
80%
This country during its empire flag was one of the only to not use White and Red in their flags. Austria
77%
This country during its empire controlled more than half of South America. Brazil
77%
This country during its empire controlled a current day danish overseas territory Norway
77%
This empire controlled a lot of South-East Asia Thailand
77%
This empire is a Unified Korea Korea
73%
This country during its empire controlled a lot of the coast of its spot today. Peru
73%
This country spanned the coast of all Arabic countries (including Israel), that border the mediterranean sea Syria
73%
This country during its empire controlled a lot of Balkans, expect for Bosnia And Herzegovina, Croatia, and Sloveina. Bulgaria
70%
This country during its empire controlled most of the westward expansion. Mexico
70%
This empire in the Countryball universe is one of the Reichtangles Indonesia
67%
This empire controlled the most deepest south of Africa. South Africa
67%
When you say the name of this empire it sounds like your saying “Come Here” Cambodia
63%
This empire, is smaller than what it has today. Mali
60%
This empire spanned all over the Indian ocean Oman
53%
This empire had a checkers board on its flag Morocco
50%
This country wants coast today, but during its empire, it did have some coast Ethiopia
47%
This empire had a bunch of the central Africa. Chad
40%
This empires name was: “Jolof” Senegal
33%
This empire is half of it’s current land that it has today. Algeria
30%
This empire is where 3 superpowers tried to invade it and failed. Afganistan
13%
This empire is like the baby Mongolian Empire Kazachstan
3%
No matching quizzes found
Score Distribution
Percent of People with Each Score
Percentile by Number Answered
Your Score History
You have not taken this quiz